Invincible Characters - Statystyki

Ogólne statystyki
  • Ten quiz został rozwiązany 24 razy
  • Średni wynik to 26 z 60
Statystyki odpowiedzi
Hint Odpowiedź % Poprawnych
I Invincible
95%
O Omni-Man
95%
A Atom Eve
89%
T The Immortal
89%
A Anissa
84%
C Cecil Stedman
84%
C Conquest
84%
D Debbie Grayson
84%
D Donald Ferguson
79%
M Monster Girl
79%
R Robot
79%
D Dupli-Kate
68%
R Rex Splode
68%
A Allen the Alien
63%
W William Clockbell
63%
A Amber Bennett
58%
R Red Rush
58%
W War Woman
58%
B Battle Beast
53%
G General Kregg
53%
B Bulletproof
47%
G Green Ghost
47%
A Angstrom Levy
42%
L Lucan
42%
M Mauler 1
42%
M Mauler 2
42%
P Powerplex
42%
T Titan
42%
D Darkwing
37%
D Darkwing 2
37%
K Kid Omni-Man
37%
P Paul
37%
S Shapesmith
37%
A Art Rosenbaum
32%
B Black Samson
32%
D Damien Darkblood
32%
D Doc Seismic
32%
M Machine Head
32%
R Rick Sheridan
32%
A Aquarus
26%
M Martian Man
26%
M Multi-Paul
26%
S Shrinking Rae
26%
D D.A. Sinclair
21%
T Thaedus
21%
T Thula
21%
V Vidor
21%
F Fightmaster
16%
G Giant
16%
I Isotope
16%
M Mister Liu
16%
O Omnipotus
16%
D Dropkick
11%
H Hail Mary
11%
I Iguana
11%
K Killcannon
11%
K King Lizard
11%
K Komodo Dragon
11%
M Magmaniac
11%
S Salamander
11%
Nie znaleziono quizów pasujących do podanych kryteriów
Rozkład punktacji
Procent ludzi z każdym wynikiem
Percentyl według liczby udzielonych odpowiedzi
Twoja historia wyników
Nie rozwiązałeś tego quizu